000 00549nam a2200169 i 4500
001 79790
003 ES-MaACL
005 20250730063113.0
007 t|
008 041025s1913 sp ||||1| spa d
100 1 _aHerrero de Egaña, Andrés,
_d1888-1981
_963310
245 1 3 _aLa extracción eléctrica en las minas
_b: obra premiada por el legado Gómez Pardo /
_cAndrés Herrero Egaña.
260 _aMadrid :
_bImprenta Alemana,
_c1913.
300 _aIV, 66 p. ;
_c31 cm.
852 _aES-MaACL
_jT-1386-F-4
999 _c79790
_d79790